000 00447nam a2200181Ia 4500
001 299
005 20260306122754.0
008 260306t2008||||xx |||||||||||||| ||spa||
041 _aESP
082 _a025.56
_bM84
100 _aMonfasani, Rosa Emma,
_eAUT
245 0 _aUsuarios de la información :
_bformación y desafíos
260 _c2008
300 _a272 páginas :
_c22 cm.
650 _aGEN
654 _aCHU
942 _cLIB
_dJUS
_fJUS
_2ddc
_n
999 _c299
_d299